[Event "XXXV C.to Italiano Seniores"]
[Site "Arco ITA"]
[Date "2013.04.17"]
[Round "6"]
[White "Facchetti, Gianni"]
[Black "Garvani, Vittorio"]
[WhiteElo "2075"]
[BlackElo "1898"]
[Result "1-0"]
[PlyCount "133"]
[EventDate "2013.04.12"]

1. e4 g6 2. d4 Bg7 3. Nf3 c6 4. Nc3 d5 5. Be3 Nh6 6. e5 f6 7. exf6 exf6 8. Be2
O-O 9. O-O Bg4 10. Qd2 Nf5 11. Rae1 Re8 12. Nd1 Nd7 13. h3 Bxf3 14. Bxf3 Nxe3
15. Rxe3 Rxe3 16. Qxe3 Qe8 17. b3 f5 18. Re1 Kf7 19. Qd2 Qf8 20. c4 dxc4 21.
Qe2 Qd6 22. Qxc4+ Kf8 23. d5 Ne5 24. Qh4 Re8 25. Ne3 Nxf3+ 26. gxf3 f4 27. Ng2
Rxe1+ 28. Nxe1 cxd5 29. Nd3 Qf6 30. Qg4 Qf5 31. Nxf4 Qxg4+ 32. fxg4 d4 33. Ne6+
Kf7 34. Nd8+ Kf6 35. Nxb7 Ke5 36. Nc5 Kd5 37. Nd3 Ke4 38. Nc5+ Kf3 39. Kf1 Bf6
40. Nd3 h5 41. gxh5 gxh5 42. Ne1+ Ke4 43. Ke2 Bg7 44. Nd3 Bh6 45. a3 Bf8 46. b4
Bd6 47. Ne1 Be7 48. Nd3 Bd6 49. f3+ Kf5 50. Ne1 Ke5 51. Ng2 Kd5 52. Kd3 Bc7 53.
Ne1 Be5 54. Nc2 Bf6 55. f4 Bg7 56. Ne1 Bf6 57. Nf3 Bg7 58. Nh4 Bh8 59. Nf5 Bf6
60. Ng3 Be7 61. Nxh5 a5 62. bxa5 Bxa3 63. Ng3 Bd6 64. Ne2 Bc7 65. a6 Bb6 66. h4
Bd8 67. a7 1-0

[Event "XXXV C.to Italiano Seniores"]
[Site "Arco ITA"]
[Date "2013.04.17"]
[Round "6"]
[White "Goli, Daniele"]
[Black "Bortolotti, Silvano"]
[WhiteElo "1982"]
[BlackElo "1778"]
[Result "0-1"]
[PlyCount "80"]
[EventDate "2013.04.12"]

1. d4 b6 2. Nc3 Bb7 3. e4 e6 4. Bd3 Bb4 5. a3 Bxc3+ 6. bxc3 f5 7. d5 fxe4 8.
Bxe4 Nf6 9. Bg5 exd5 10. Bf3 O-O 11. Ne2 c6 12. O-O Ba6 13. Re1 Bxe2 14. Rxe2
Na6 15. c4 dxc4 16. Qd6 Qc7 17. Qd4 d5 18. Rae1 Qf7 19. Qh4 Rae8 20. Bxf6 Rxe2
21. Bxe2 Qxf6 22. Qxf6 Rxf6 23. Bg4 Kf8 24. h4 Nc5 25. g3 Ne4 26. Re2 Rf7 27.
Kg2 Re7 28. f4 Nf6 29. Be6 g6 30. g4 Ne4 31. f5 Nc5 32. Kf3 gxf5 33. gxf5 Nxe6
34. fxe6 Kg7 35. Kg4 Kf6 36. Kh5 Rxe6 37. Rxe6+ Kxe6 38. Kh6 Kf7 39. Kxh7 c3
40. h5 d4 0-1

[Event "XXXV C.to Italiano Seniores"]
[Site "Arco ITA"]
[Date "2013.04.17"]
[Round "6"]
[White "Guaglianone, Mario"]
[Black "Modena, Giorgio"]
[WhiteElo "1986"]
[BlackElo "1934"]
[Result "1/2-1/2"]
[PlyCount "116"]
[EventDate "2013.04.12"]

1. Nf3 Nf6 2. g3 g6 3. Bg2 Bg7 4. O-O O-O 5. d3 d5 6. Nbd2 Nbd7 7. e4 dxe4 8.
dxe4 c6 9. Qe2 e5 10. Rd1 Qc7 11. a4 Re8 12. b3 Nf8 13. h3 Be6 14. Bb2 N6d7 15.
Ng5 f6 16. Nxe6 Nxe6 17. c3 Rad8 18. Bf1 a6 19. a5 Bf8 20. Qc4 Kg7 21. b4 c5
22. b5 Nb8 23. b6 Qc6 24. f3 Rd6 25. Be2 Red8 26. Nf1 Rxd1 27. Rxd1 Rxd1 28.
Bxd1 Nd7 29. Bb3 Kf7 30. Ne3 Be7 31. Ba4 Qd6 32. Nd5 Ndf8 33. Ba3 Kg7 34. Bb3
g5 35. Ne3 Kg6 36. Nf5 Qd8 37. g4 h6 38. Bc1 Kh7 39. Be3 Kg6 40. Qd5 c4 41.
Bxc4 Bc5 42. Kf2 Bxe3+ 43. Kxe3 Qxd5 44. exd5 Nc5 45. d6 Nfd7 46. Bd5 h5 47.
Kd2 hxg4 48. hxg4 e4 49. fxe4 Ne5 50. Ne3 Kg7 51. Kc2 Kf8 52. c4 Ke8 53. Kc3
Kd7 54. Nf5 Nxg4 55. Kb4 Nd3+ 56. Kc3 Nc5 57. Kb4 Nd3+ 58. Kc3 Nc5 1/2-1/2

[Event "XXXV C.to Italiano Seniores"]
[Site "Arco ITA"]
[Date "2013.04.17"]
[Round "6"]
[White "Laco, Giuseppe"]
[Black "Iudicello, Giovanni"]
[WhiteElo "2073"]
[BlackElo "2127"]
[Result "0-1"]
[PlyCount "78"]
[EventDate "2013.04.12"]

1. c4 g6 2. Nc3 Bg7 3. d4 Nf6 4. e4 d6 5. f3 O-O 6. Be3 e5 7. d5 Nh5 8. g4 Nf4
9. h4 f5 10. Bxf4 exf4 11. exf5 gxf5 12. g5 Re8+ 13. Be2 Nd7 14. Qd2 Nc5 15.
Nh3 Bd7 16. Nxf4 Qe7 17. Kf2 Qe5 18. Rad1 Re7 19. Rhe1 Rae8 20. Ng2 Qh2 21. Qf4
Qh3 22. Qd2 Be5 23. Rg1 Qg3+ 24. Kf1 Bxc3 25. Qf4 Qxf4 26. Nxf4 Be5 27. Nh5 Kf7
28. b4 Na6 29. f4 Bc3 30. Ng3 Kg7 31. b5 Nc5 32. Bh5 Re1+ 33. Kg2 Rxg1+ 34.
Rxg1 Re1 35. Ne2 Rxg1+ 36. Nxg1 Nd3 37. Nh3 Be1 38. Kf3 Nb2 39. Kg2 Nxc4 0-1

[Event "XXXV C.to Italiano Seniores"]
[Site "Arco ITA"]
[Date "2013.04.17"]
[Round "6"]
[White "Micheli, Carlo"]
[Black "Albano, Marco"]
[WhiteElo "2297"]
[BlackElo "2235"]
[Result "1/2-1/2"]
[PlyCount "71"]
[EventDate "2013.04.12"]

1. c4 e5 2. g3 f5 3. Bg2 Nf6 4. d3 Bb4+ 5. Bd2 Qe7 6. Bxb4 Qxb4+ 7. Qd2 Nc6 8.
Nc3 Nd4 9. e3 Ne6 10. Nge2 c6 11. f4 exf4 12. gxf4 O-O 13. O-O-O b5 14. cxb5
Rb8 15. Kb1 a6 16. bxc6 dxc6 17. Bxc6 Bb7 18. Bxb7 Rxb7 19. Nc1 Rfb8 20. Nb3 a5
21. Ne2 a4 22. Qxb4 Rxb4 23. Nbd4 Rxb2+ 24. Ka1 Nxd4 25. Nxd4 Nd5 26. Rc1 Rf2
27. Rc2 Rxc2 28. Nxc2 a3 29. Rb1 Rc8 30. Nxa3 Nxe3 31. Kb2 Nd5 32. Rf1 Rb8+ 33.
Ka1 Ra8 34. Kb2 Rb8+ 35. Ka1 Ra8 36. Nc2 1/2-1/2

[Event "XXXV C.to Italiano Seniores"]
[Site "Arco ITA"]
[Date "2013.04.17"]
[Round "6"]
[White "Valenti, Giuseppe"]
[Black "Antonelli, Fabrizio"]
[WhiteElo "2191"]
[BlackElo "2015"]
[Result "1-0"]
[PlyCount "72"]
[EventDate "2013.04.12"]

1. e4 e5 2. Nf3 Nc6 3. Bb5 a6 4. Ba4 Nf6 5. d3 d6 6. c3 Be7 7. O-O O-O 8. Re1
Nb8 9. d4 Nbd7 10. Nbd2 c5 11. d5 b5 12. Bc2 Nb6 13. Nf1 Ne8 14. Ng3 g6 15. Bh6
Ng7 16. Qd2 Nc4 17. Qc1 Bg4 18. Nd2 Bg5 19. Bxg5 Qxg5 20. Nxc4 Qxc1 21. Raxc1
bxc4 22. Nf1 Rad8 23. Ne3 Bc8 24. Nxc4 f5 25. f3 Rf6 26. b4 cxb4 27. cxb4 Nh5
28. Nb6 fxe4 29. Bxe4 Bf5 30. a3 Nf4 31. Re3 h5 32. Rc6 h4 33. h3 Kg7 34. Kh2
Kh6 35. Nc4 Bc8 36. Nxe5 Nxd5 1-0

[Event "XXXV C.to Italiano Seniores"]
[Site "Arco ITA"]
[Date "2013.04.17"]
[Round "6"]
[White "Zangrando, Gianpietro"]
[Black "Jasnig, Stelio"]
[WhiteElo "1784"]
[BlackElo "1989"]
[Result "0-1"]
[PlyCount "74"]
[EventDate "2013.04.12"]

1. Nf3 b6 2. c4 Bb7 3. Nc3 e6 4. e4 Ne7 5. d4 d5 6. Bd3 dxe4 7. Bxe4 Bxe4 8.
Nxe4 Nf5 9. O-O Be7 10. b3 O-O 11. Bb2 Nd7 12. Qe2 Nf6 13. Neg5 Qd7 14. Rad1 h6
15. Ne5 Qc8 16. Ngf3 Re8 17. Nc6 Bf8 18. Nfe5 Nd7 19. Qh5 Nxe5 20. Nxe5 g6 21.
Qf3 Bg7 22. Nxf7 Kxf7 23. g4 Kg8 24. gxf5 exf5 25. Rfe1 Qd7 26. Qg3 Kh7 27. h4
h5 28. Re3 Rxe3 29. fxe3 Re8 30. Kf2 c5 31. Rg1 Qf7 32. b4 Re4 33. bxc5 bxc5
34. Qd6 cxd4 35. exd4 Rxh4 36. c5 Rg4 37. c6 Qxa2 0-1

[Event "XXXV C.to Italiano Seniores"]
[Site "Arco ITA"]
[Date "2013.04.18"]
[Round "7"]
[White "Albano, Marco"]
[Black "Barlocco, Carlo"]
[WhiteElo "2235"]
[BlackElo "2094"]
[Result "1-0"]
[PlyCount "115"]
[EventDate "2013.04.12"]

1. e4 e5 2. Nf3 Nc6 3. Bb5 Nf6 4. O-O Nxe4 5. d4 Nd6 6. Bxc6 dxc6 7. dxe5 Nf5
8. Qxd8+ Kxd8 9. Nc3 Be6 10. b3 Ke8 11. Ne4 h6 12. Bb2 Rd8 13. c4 Be7 14. Rad1
Rd7 15. h3 Kd8 16. g4 Nh4 17. Nd4 c5 18. Nxe6+ fxe6 19. Rxd7+ Kxd7 20. f4 Rf8
21. Ng3 Ng6 22. f5 Nh8 23. Ne4 Nf7 24. h4 b6 25. f6 gxf6 26. exf6 Bd6 27. g5
hxg5 28. hxg5 Rg8 29. Bc1 Be5 30. Kf2 Bd4+ 31. Ke2 Ke8 32. Rf3 Be5 33. Rf2 Bd6
34. Rg2 Rg6 35. Kf3 Ne5+ 36. Ke3 Nf7 37. Bb2 Kf8 38. Rg1 Kg8 39. Kf3 Be5 40.
Bxe5 Nxe5+ 41. Kf4 Nd3+ 42. Kg4 Ne5+ 43. Kf4 Nd3+ 44. Ke3 Ne5 45. Rd1 Nf7 46.
Kf4 a5 47. Rd7 Nxg5 48. Nxg5 Rxf6+ 49. Ke3 Rg6 50. Nf3 Rg2 51. Nd2 Rg7 52.
Rxg7+ Kxg7 53. Ne4 Kf7 54. Nc3 Ke7 55. Ke4 c6 56. Ke5 Kd7 57. Na4 Kc7 58. Kxe6
1-0

[Event "XXXV C.to Italiano Seniores"]
[Site "Arco ITA"]
[Date "2013.04.18"]
[Round "7"]
[White "Antonelli, Fabrizio"]
[Black "Blasco, Domenico"]
[WhiteElo "2015"]
[BlackElo "1933"]
[Result "1-0"]
[PlyCount "96"]
[EventDate "2013.04.12"]

1. e4 g6 2. d4 Bg7 3. c4 d6 4. Nc3 a6 5. Be2 c6 6. Nf3 b5 7. O-O bxc4 8. Bxc4
Nf6 9. Bb3 O-O 10. Bg5 h6 11. Be3 Qa5 12. h3 Qh5 13. Nh2 Bb7 14. Qd2 Kh7 15. f4
Qa5 16. Ng4 Nbd7 17. Rae1 Rad8 18. Qf2 h5 19. Nh2 e6 20. Nf3 c5 21. Qh4 cxd4
22. Bxd4 e5 23. Be3 Kg8 24. f5 gxf5 25. exf5 Nc5 26. Bc2 Rfe8 27. Bg5 Ncd7 28.
Kh1 Qb6 29. Bb3 Qc5 30. Be3 Qc6 31. Qg3 d5 32. Bh6 Ng4 33. Bxg7 Kxg7 34. hxg4
hxg4 35. Qxg4+ Kf8 36. Bxd5 Qh6+ 37. Qh4 Qxh4+ 38. Nxh4 Bxd5 39. Nxd5 Nc5 40.
Rd1 Ne4 41. Kg1 Kg7 42. Rfe1 Ng5 43. f6+ Kh6 44. Nf5+ Kg6 45. Nfe7+ Kh5 46.
Rxe5 Kg4 47. Rd4+ Kh5 48. Rf4 Kh6 1-0

[Event "XXXV C.to Italiano Seniores"]
[Site "Arco ITA"]
[Date "2013.04.18"]
[Round "7"]
[White "Beltrami, Nerio"]
[Black "Guaglianone, Mario"]
[WhiteElo "1907"]
[BlackElo "1986"]
[Result "0-1"]
[PlyCount "88"]
[EventDate "2013.04.12"]

1. e4 b6 2. Nc3 Bb7 3. Nf3 g6 4. d4 Bg7 5. Bd3 d6 6. O-O e6 7. Bg5 Ne7 8. d5 e5
9. Qc1 h6 10. Be3 Nd7 11. Re1 a6 12. a4 Nc5 13. b4 Nxd3 14. cxd3 f5 15. Ra2 f4
16. Bd2 g5 17. Kf1 Ng6 18. Rc2 O-O 19. Ne2 g4 20. Nfg1 f3 21. Ng3 Qh4 22. Nf5
Qxh2 23. gxf3 gxf3 24. Nxf3 Qh3+ 25. Ke2 Rxf5 26. exf5 Bxd5 27. Ng1 Qxf5 28.
Be3 c5 29. bxc5 bxc5 30. Kd2 e4 31. dxe4 Bxe4 32. Rc4 Bd5 33. Rc2 Ne5 34. Rc3
c4 35. Qb1 Be4 36. Qb6 d5 37. Qb7 d4 38. Qc7 dxc3+ 39. Kd1 Nd3 40. Re2 Nb2+ 41.
Kc1 c2 42. f3 Rc8 43. Qg3 Qg6 44. Rg2 Nd3+ 0-1

[Event "XXXV C.to Italiano Seniores"]
[Site "Arco ITA"]
[Date "2013.04.18"]
[Round "7"]
[White "Bortolotti, Silvano"]
[Black "Bonfa', Ileano"]
[WhiteElo "1778"]
[BlackElo "2171"]
[Result "0-1"]
[PlyCount "66"]
[EventDate "2013.04.12"]

1. e4 c5 2. Nc3 Nc6 3. f4 g6 4. Nf3 Bg7 5. Bc4 e6 6. O-O Nge7 7. d3 O-O 8. a4
d5 9. Ba2 a6 10. Bd2 b5 11. e5 f6 12. Qe1 b4 13. Nd1 fxe5 14. Nxe5 Nxe5 15.
fxe5 Rxf1+ 16. Kxf1 Qf8+ 17. Kg1 Qf5 18. d4 cxd4 19. Bxb4 Nc6 20. Bd6 Bxe5 21.
Bxe5 Qxe5 22. Qd2 Rb8 23. c4 Nb4 24. cxd5 Nxa2 25. Rxa2 Qxd5 26. b4 Bd7 27. Ra1
Bc6 28. b5 axb5 29. axb5 Rxb5 30. Nb2 Rb3 31. Rf1 Bb5 32. Rc1 Bc6 33. Rf1 Qxg2+
0-1

[Event "XXXV C.to Italiano Seniores"]
[Site "Arco ITA"]
[Date "2013.04.18"]
[Round "7"]
[White "Gardi, Giuseppe"]
[Black "Facchetti, Gianni"]
[WhiteElo "1999"]
[BlackElo "2075"]
[Result "0-1"]
[PlyCount "56"]
[EventDate "2013.04.12"]

1. d4 Nf6 2. c4 e5 3. dxe5 Ng4 4. Nc3 Nxe5 5. e3 d6 6. f4 Nec6 7. Nf3 Be7 8.
Bd3 Nd7 9. O-O Nc5 10. Bb1 Be6 11. Qe2 Bf6 12. Nd5 h6 13. Bc2 a5 14. Kh1 Nb4
15. Bb1 Nxd5 16. cxd5 Bxd5 17. e4 Bc6 18. e5 Be7 19. exd6 cxd6 20. Re1 Kf8 21.
Nd4 Bf6 22. Nf5 g6 23. Ng3 h5 24. f5 h4 25. Ne4 h3 26. g3 gxf5 27. Kg1 Nxe4 28.
Bf4 Be5 0-1

[Event "XXXV C.to Italiano Seniores"]
[Site "Arco ITA"]
[Date "2013.04.18"]
[Round "7"]
[White "Jasnig, Stelio"]
[Black "Garvani, Vittorio"]
[WhiteElo "1989"]
[BlackElo "1898"]
[Result "1-0"]
[PlyCount "179"]
[EventDate "2013.04.12"]

1. Nf3 g6 2. g3 Bg7 3. Bg2 c6 4. d4 d5 5. O-O Nf6 6. c3 O-O 7. Nbd2 Bg4 8. h3
Bxf3 9. Nxf3 Nbd7 10. Re1 Re8 11. Bf4 Nh5 12. Bd2 e5 13. dxe5 Nxe5 14. Nxe5
Bxe5 15. e4 dxe4 16. Rxe4 Bg7 17. Rxe8+ Qxe8 18. Be3 Nxg3 19. Qb3 Nf5 20. Bc5
b6 21. Ba3 Nh4 22. Bh1 Rc8 23. Qc4 Nf5 24. Bf3 c5 25. Bg4 Rd8 26. Bxf5 gxf5 27.
Qf1 Rd6 28. Re1 Rg6+ 29. Kh1 Qc6+ 30. f3 Rg3 31. Re3 f4 32. Rd3 h6 33. b3 b5
34. Bc1 Be5 35. Kh2 c4 36. bxc4 bxc4 37. Rd8+ Kg7 38. Qe2 Qf6 39. Re8 Bxc3 40.
Qe4 Bd4 41. Bxf4 Bg1+ 42. Kh1 Rxh3+ 43. Kxg1 Qa1+ 44. Kf2 Qxa2+ 45. Qe2 Qxe2+
46. Kxe2 Rh5 47. Rc8 Ra5 48. Rxc4 h5 49. Bd2 Ra2 50. Ke3 Kg6 51. Bc3 Ra6 52.
Kf4 Re6 53. Rc5 Ra6 54. Rg5+ Kh6 55. Ra5 Rc6 56. Bd2 a6 57. Kg3+ Kg6 58. Rg5+
Kf6 59. Rxh5 Ke7 60. f4 Rc2 61. Bb4+ Kd7 62. Ra5 Rc6 63. Kg4 Rg6+ 64. Kf5 Rh6
65. Bc3 Rc6 66. Bf6 Rb6 67. Re5 Kd6 68. Ra5 Kd7 69. Be5 Rh6 70. Bc3 Kc7 71. Ke4
Re6+ 72. Kf5 Rh6 73. Re5 Kd7 74. Bb4 Rb6 75. Ba3 Rb3 76. Bf8 Rb6 77. Bg7 Rb7
78. Bf6 Kd6 79. Ra5 Rb6 80. Kg5 Kd7 81. f5 Rc6 82. Re5 Rc2 83. Re7+ Kc6 84.
Rxf7 Rg2+ 85. Kh6 a5 86. Bg5 a4 87. Ra7 Kb5 88. f6 Kb4 89. f7 Rf2 90. Kg7 1-0

[Event "XXXV C.to Italiano Seniores"]
[Site "Arco ITA"]
[Date "2013.04.18"]
[Round "7"]
[White "Modena, Giorgio"]
[Black "Spano' Cuomo, Gaetano"]
[WhiteElo "1934"]
[BlackElo "1797"]
[Result "1/2-1/2"]
[PlyCount "70"]
[EventDate "2013.04.12"]

1. e4 e5 2. Nf3 d6 3. Bc4 Be7 4. Nc3 c5 5. d3 Nf6 6. O-O Bg4 7. h3 Bh5 8. Nd5
Nc6 9. c3 O-O 10. Qe2 Qd7 11. Qe3 Kh8 12. Nh2 Nxd5 13. Bxd5 g5 14. g4 Bg6 15.
Kg2 Nd8 16. Qg3 Ne6 17. Bxe6 fxe6 18. Nf3 h6 19. h4 gxh4 20. Nxh4 Kg7 21. Nxg6
Kxg6 22. Qh3 Rh8 23. Rh1 h5 24. gxh5+ Kh7 25. Kf1 Rhg8 26. Ke2 Raf8 27. Bd2 Bd8
28. Rag1 Qf7 29. Qe3 Bg5 30. Rxg5 Rxg5 31. Qxg5 Qf3+ 32. Ke1 Qxh1+ 33. Ke2 Qf3+
34. Ke1 Qh1+ 35. Ke2 Qf3+ 1/2-1/2

[Event "XXXV C.to Italiano Seniores"]
[Site "Arco ITA"]
[Date "2013.04.18"]
[Round "7"]
[White "Quagliarella, Sabino Remo"]
[Black "Laco, Giuseppe"]
[WhiteElo "1897"]
[BlackElo "2073"]
[Result "1/2-1/2"]
[PlyCount "128"]
[EventDate "2013.04.12"]

1. d4 f5 2. Nf3 Nf6 3. g3 b6 4. Bg2 Bb7 5. O-O e6 6. Nbd2 c5 7. c3 Be7 8. Re1
Qc8 9. a4 Na6 10. b3 cxd4 11. cxd4 Nb4 12. Bb2 Qc2 13. Rb1 Qxd1 14. Rexd1 O-O
15. Ne1 Bxg2 16. Kxg2 Rac8 17. Rbc1 Nfd5 18. Rxc8 Rxc8 19. Nc4 g5 20. h3 h5 21.
Nd3 f4 22. g4 Nxd3 23. Rxd3 a6 24. Rd1 Bb4 25. Rc1 hxg4 26. hxg4 Be7 27. Ne5
Rd8 28. Kf3 Kg7 29. Rh1 Bf6 30. Ke4 d6 31. Nd3 Rc8 32. Rc1 Rxc1 33. Nxc1 b5 34.
axb5 axb5 35. e3 fxe3 36. fxe3 Nb4 37. Bc3 d5+ 38. Kf3 Nc6 39. Nd3 Kf7 40. Ke2
Ke7 41. Kd2 Kd6 42. b4 Ne7 43. Nf2 Nc6 44. Nd3 Bg7 45. Kc2 Ke7 46. Nf2 e5 47.
dxe5 Bxe5 48. Nd3 Bg3 49. Bg7 Kf7 50. Bc3 Kg6 51. Kd2 Nd8 52. Be5 Bxe5 53.
Nxe5+ Kf6 54. Nf3 Nf7 55. Ke2 Nh6 56. Nd4 Nxg4 57. Nxb5 Ke5 58. Nd4 Nf6 59.
Nf3+ Kf5 60. b5 Nd7 61. Nd4+ Ke4 62. Ne6 g4 63. Nc7 Nb6 64. Kf2 g3+ 1/2-1/2

[Event "XXXV C.to Italiano Seniores"]
[Site "Arco ITA"]
[Date "2013.04.18"]
[Round "7"]
[White "Rosino, Antonio"]
[Black "Micheli, Carlo"]
[WhiteElo "2178"]
[BlackElo "2297"]
[Result "1-0"]
[PlyCount "117"]
[EventDate "2013.04.12"]

1. e4 c5 2. Nf3 e6 3. c3 d6 4. d4 Nd7 5. Bd3 Ngf6 6. O-O Qc7 7. Qe2 e5 8. Rd1
g6 9. Nbd2 cxd4 10. cxd4 exd4 11. Nxd4 a6 12. Nc4 Bg7 13. Bf4 Ne5 14. Nf3 Nfd7
15. Rac1 Qb8 16. Bb1 Nxc4 17. Qxc4 Ne5 18. Bxe5 dxe5 19. Qc5 Bg4 20. Rd3 Bf6
21. Bc2 Be6 22. Ba4+ b5 23. Qc6+ Kf8 24. Bb3 Qe8 25. Bxe6 fxe6 26. Rd7 Kg8 27.
Rd6 Kg7 28. Rxe6 Rc8 29. Rxe8 Rxc6 30. Rxc6 Rxe8 31. Rxa6 Rc8 32. g3 Rc2 33. b4
Re2 34. Ra5 Rxe4 35. Rxb5 Re2 36. Kf1 Rxa2 37. Nxe5 g5 38. g4 Rb2 39. Nd3 Rd2
40. Rd5 h6 41. Rd7+ Kg8 42. Kg2 Bc3 43. b5 Ba5 44. Kf3 Bb6 45. Rd6 Bxf2 46. Ke4
Kg7 47. Rd7+ Kf6 48. Rd6+ Kg7 49. Kf5 Bg1 50. h3 Rh2 51. b6 Bxb6 52. Rxb6 Rxh3
53. Rb7+ Kf8 54. Ne5 Rh1 55. Nd7+ Ke7 56. Nf6+ Kd6 57. Rd7+ Kc6 58. Rh7 Kd6 59.
Ng8 1-0

[Event "XXXV C.to Italiano Seniores"]
[Site "Arco ITA"]
[Date "2013.04.19"]
[Round "8"]
[White "Barlocco, Carlo"]
[Black "Jasnig, Stelio"]
[WhiteElo "2094"]
[BlackElo "1989"]
[Result "1-0"]
[PlyCount "71"]
[EventDate "2013.04.12"]

1. e4 c6 2. Nc3 d5 3. Qf3 e6 4. d4 Qf6 5. Be3 dxe4 6. Nxe4 Qxf3 7. Nxf3 b6 8.
Bd3 Bb7 9. O-O-O Nd7 10. Rhe1 Ngf6 11. Nxf6+ Nxf6 12. c3 Be7 13. Ne5 O-O 14. f4
Nd5 15. Bd2 c5 16. Be4 cxd4 17. c4 Rac8 18. Kb1 f6 19. Nf3 Rxc4 20. b3 Rc7 21.
Nxd4 Bc8 22. f5 e5 23. Bxd5+ Kh8 24. Ne6 Bxe6 25. Bxe6 Rd8 26. Bc1 Rb8 27. Rd3
h6 28. g4 b5 29. h4 b4 30. g5 a5 31. gxh6 gxh6 32. Bxh6 a4 33. Red1 axb3 34.
axb3 Kh7 35. Be3 Ra8 36. Rd7 1-0

[Event "XXXV C.to Italiano Seniores"]
[Site "Arco ITA"]
[Date "2013.04.19"]
[Round "8"]
[White "Bisignano, Giuseppe"]
[Black "Antonelli, Fabrizio"]
[WhiteElo "1884"]
[BlackElo "2015"]
[Result "0-1"]
[PlyCount "148"]
[EventDate "2013.04.12"]

1. e4 e5 2. Nf3 Nc6 3. Bb5 a6 4. Ba4 Nf6 5. d4 exd4 6. O-O Be7 7. e5 Ne4 8.
Nxd4 Nc5 9. Bxc6 dxc6 10. Nc3 O-O 11. f4 Ne6 12. Nxe6 Qxd1 13. Rxd1 Bxe6 14.
Be3 Bf5 15. Rac1 Rad8 16. Rxd8 Rxd8 17. Ne2 g6 18. Kf2 c5 19. h3 h5 20. c4 b6
21. b3 Rd3 22. Kf3 f6 23. Rg1 fxe5 24. fxe5 Bg5 25. Nf4 Bxf4 26. Kxf4 Kf7 27.
g4 hxg4 28. hxg4 Be6 29. Rf1 Ke7 30. Ke4 Rd7 31. Bg5+ Ke8 32. Rf6 Bxg4 33. Rxg6
Rd4+ 34. Ke3 Bf5 35. Rf6 Bb1 36. e6 Rd6 37. Rh6 Kf8 38. e7+ Kf7 39. Rh8 Re6+
40. Kf4 Bg6 41. Rf8+ Kg7 42. Rc8 Kf7 43. Rxc7 Ke8 44. Rc8+ Kd7 45. Rd8+ Kc7 46.
Rg8 Kd7 47. Rd8+ Kc7 48. Rf8 Kd7 49. Bf6 Be8 50. Kf5 Re2 51. a3 Re3 52. b4 Rxa3
53. bxc5 bxc5 54. Ke4 Rh3 55. Rg8 a5 56. Rg2 a4 57. Kd5 Rh5+ 58. Bg5 a3 59. Ke4
Rxg5 60. Rxg5 a2 61. Rg1 Bg6+ 62. Ke5 Bb1 63. e8=Q+ Kxe8 64. Ke6 Kf8 65. Rf1+
Kg8 66. Rg1+ Kh7 67. Rh1+ Kg6 68. Rg1+ Kh5 69. Rd1 a1=Q 70. Rd5+ Kg4 71. Rxc5
Bf5+ 72. Kd6 Qa3 73. Kc6 Bd7+ 74. Kd6 Kf4 0-1

[Event "XXXV C.to Italiano Seniores"]
[Site "Arco ITA"]
[Date "2013.04.19"]
[Round "8"]
[White "Blasco, Domenico"]
[Black "Modena, Giorgio"]
[WhiteElo "1933"]
[BlackElo "1934"]
[Result "1/2-1/2"]
[PlyCount "89"]
[EventDate "2013.04.12"]

1. d4 d5 2. Nf3 Nf6 3. e3 c6 4. c4 e6 5. Nbd2 Nbd7 6. Bd3 Be7 7. b3 O-O 8. Bb2
b6 9. O-O Bb7 10. Ne5 Re8 11. f4 Nf8 12. Rc1 Rc8 13. g4 N6d7 14. cxd5 exd5 15.
g5 f6 16. Nxd7 Qxd7 17. Nf3 Rc7 18. gxf6 Qg4+ 19. Kh1 Bxf6 20. Ne5 Qxd1 21.
Rfxd1 Ne6 22. Kg1 c5 23. Bb5 Rd8 24. a4 g6 25. Be2 cxd4 26. Rxc7 Nxc7 27. exd4
Ne6 28. Rf1 Ng7 29. Rc1 Rc8 30. Rxc8+ Bxc8 31. Kf2 g5 32. fxg5 Bxg5 33. Bf3 Bb7
34. Bg4 Bf4 35. h3 Bxe5 36. dxe5 Kf7 37. Ke3 Ne6 38. Bxe6+ Kxe6 39. Kd4 Ba6 40.
b4 Bf1 41. h4 h5 42. Bc3 Be2 43. a5 bxa5 44. bxa5 a6 45. Bd2 1/2-1/2

[Event "XXXV C.to Italiano Seniores"]
[Site "Arco ITA"]
[Date "2013.04.19"]
[Round "8"]
[White "Cavatorta, Fosco"]
[Black "Quagliarella, Sabino Remo"]
[WhiteElo "1902"]
[BlackElo "1897"]
[Result "1-0"]
[PlyCount "129"]
[EventDate "2013.04.12"]

1. d4 Nf6 2. Nf3 d6 3. Nc3 g6 4. e4 Bg7 5. Be3 c6 6. Qd2 Ng4 7. Bg5 h6 8. Bh4
Qa5 9. h3 Nf6 10. Bd3 Nbd7 11. O-O O-O 12. Nd5 Qd8 13. Nxf6+ Nxf6 14. Rae1 Qb6
15. e5 dxe5 16. dxe5 Nd5 17. c3 Re8 18. Nd4 c5 19. Nf3 Be6 20. Bc4 Rad8 21. Qc1
Qc6 22. a3 b5 23. Ba2 Rd7 24. Rd1 Red8 25. Bg3 a5 26. c4 bxc4 27. Bxc4 Nc7 28.
Bxe6 Nxe6 29. Rxd7 Qxd7 30. Qc3 a4 31. b4 axb3 32. Qxb3 Nd4 33. Nxd4 Qxd4 34.
e6 f5 35. Bc7 Rf8 36. Rd1 c4 37. Qa4 Qc5 38. Bf4 c3 39. Be3 Qc8 40. Qd7 c2 41.
Rf1 Bf6 42. Bxh6 Rd8 43. Qa4 Rd1 44. Rxd1 cxd1=Q+ 45. Qxd1 Qxe6 46. Be3 Qc4 47.
Qc1 Qb3 48. Bc5 Kf7 49. Qe1 Qc4 50. Bb4 Qb3 51. Qe3 Qd1+ 52. Kh2 Qd5 53. Bc3
Qd6+ 54. Kg1 Qxa3 55. Bxf6 Qxe3 56. fxe3 Kxf6 57. Kf2 e6 58. Ke2 e5 59. Kf3 e4+
60. Kg3 g5 61. h4 Kg6 62. Kh3 f4 63. exf4 gxh4 64. Kxh4 Kf5 65. g4+ 1-0

[Event "XXXV C.to Italiano Seniores"]
[Site "Arco ITA"]
[Date "2013.04.19"]
[Round "8"]
[White "Facchetti, Gianni"]
[Black "Rosino, Antonio"]
[WhiteElo "2075"]
[BlackElo "2178"]
[Result "1/2-1/2"]
[PlyCount "85"]
[EventDate "2013.04.12"]

1. e4 e5 2. Nf3 Nc6 3. Bc4 Nf6 4. d3 Bc5 5. Nc3 d6 6. Bg5 h6 7. Bxf6 Qxf6 8.
Nd5 Qd8 9. c3 Ne7 10. Nxe7 Qxe7 11. h3 O-O 12. Qe2 Bd7 13. O-O Rae8 14. b4 Bb6
15. a4 c6 16. a5 Bc7 17. Qe3 Bb8 18. Nh2 Kh8 19. g4 Qg5 20. Qxg5 hxg5 21. Rfb1
a6 22. Kg2 Bc7 23. Nf3 Bd8 24. Rh1 g6 25. Nd2 Kg7 26. Rag1 Be6 27. Bxe6 Rxe6
28. Nf1 d5 29. Ne3 Rd6 30. Rd1 Be7 31. exd5 cxd5 32. Rb1 Rc8 33. c4 dxc4 34.
dxc4 Rd4 35. Rhc1 Bd8 36. Rc2 Kf6 37. c5 Ke6 38. Rc4 Be7 39. Re1 Rd3 40. Rec1
Rc6 41. R1c3 Rd2 42. Rc2 Rd3 43. R2c3 1/2-1/2

[Event "XXXV C.to Italiano Seniores"]
[Site "Arco ITA"]
[Date "2013.04.19"]
[Round "8"]
[White "Gardi, Giuseppe"]
[Black "Bortolotti, Silvano"]
[WhiteElo "1999"]
[BlackElo "1778"]
[Result "1/2-1/2"]
[PlyCount "66"]
[EventDate "2013.04.12"]

1. d4 b6 2. c4 Bb7 3. Nf3 e6 4. Bf4 g6 5. Nc3 Bg7 6. e3 d6 7. h3 Ne7 8. Be2 O-O
9. O-O Nd7 10. Bh2 Nc6 11. a3 a5 12. Rc1 Rc8 13. Nd2 e5 14. d5 Ne7 15. Nde4 h6
16. b4 f5 17. Nd2 axb4 18. axb4 Ra8 19. Qb3 Kh7 20. e4 fxe4 21. Ncxe4 Nf6 22.
Nxf6+ Bxf6 23. Ne4 Bg7 24. g4 g5 25. Qc2 Kh8 26. Ng3 Bc8 27. Nh5 Bd7 28. Bd3
Rf3 29. Ng3 Ra3 30. Rcd1 Ba4 31. Qe2 Bxd1 32. Rxd1 Rfxd3 33. Rxd3 Ra1+ 1/2-1/2

[Event "XXXV C.to Italiano Seniores"]
[Site "Arco ITA"]
[Date "2013.04.19"]
[Round "8"]
[White "Garvani, Vittorio"]
[Black "Maddaloni, Giovanni"]
[WhiteElo "1898"]
[BlackElo "1713"]
[Result "1-0"]
[PlyCount "55"]
[EventDate "2013.04.12"]

1. d4 Nf6 2. Nf3 g6 3. e3 Bg7 4. Bd3 d5 5. Nbd2 Nc6 6. c3 O-O 7. O-O Ng4 8. e4
dxe4 9. Nxe4 f5 10. Qb3+ e6 11. Nc5 Qf6 12. Bg5 Qf7 13. Rfe1 Re8 14. h3 h6 15.
Bd2 Nf6 16. Re2 Kh7 17. Rae1 Nd5 18. c4 Nb6 19. d5 Nd4 20. Nxd4 Bxd4 21. Nxe6
Bxe6 22. Rxe6 Rxe6 23. Rxe6 a5 24. Bc3 Bxc3 25. Qxc3 Nd7 26. Qe1 Kg8 27. Re7
Qf8 28. Qe6+ 1-0

[Event "XXXV C.to Italiano Seniores"]
[Site "Arco ITA"]
[Date "2013.04.19"]
[Round "8"]
[White "Iudicello, Giovanni"]
[Black "Albano, Marco"]
[WhiteElo "2127"]
[BlackElo "2235"]
[Result "0-1"]
[PlyCount "78"]
[EventDate "2013.04.12"]

1. e4 c5 2. Nf3 Nc6 3. d4 cxd4 4. Nxd4 e5 5. Nb5 d6 6. N1c3 a6 7. Na3 f5 8. Bd3
Nf6 9. Bg5 Be7 10. Bxf6 Bxf6 11. Nd5 Be6 12. Nxf6+ Qxf6 13. exf5 Bf7 14. O-O
O-O 15. c3 d5 16. f3 Ne7 17. Qc2 g6 18. fxg6 Bxg6 19. Rae1 Rad8 20. b3 b5 21.
Nb1 Kh8 22. Qe2 Bxd3 23. Qxd3 Ng6 24. g3 Rg8 25. Kh1 h5 26. Qe3 Kh7 27. Nd2 h4
28. c4 hxg3 29. hxg3 Nf4 30. Rf2 Rxg3 31. Rh2+ Kg8 32. cxd5 Nxd5 33. Qxe5 Qxe5
34. Rxe5 Nf4 35. Re1 Nd3 36. Rf1 Nf4 37. Rg1 Rxg1+ 38. Kxg1 Kg7 39. Kf2 Rxd2+
0-1